Diseño de pavimentos de concreto para aeropuertos

Sábháilte in:
Sonraí bibleagrafaíochta
Údar corparáideach: Portland Cement Association (Údar)
Formáid: LEABHAR
Teanga:Spáinnis
Foilsithe / Cruthaithe: Ciudad de México Limusa 1977
Ábhair:
Clibeanna: Cuir clib leis
Níl clibeanna ann, Bí ar an gcéad duine le clib a chur leis an taifead seo!

MARC

LEADER 00000nam a2200000 a 4500
001 UCU7831
003 CL-VaPUC
008 960705e19770000MX |||||||||||||||||spa|d
082 0 4 |a 629.136  |b POR  |2 21 
110 2 |a Portland Cement Association  |e author  |9 366919 
245 1 0 |a Diseño de pavimentos de concreto para aeropuertos 
300 |a 85 p 
942 |c BK 
945 |d 19960705 00:00:00  |a paguirre 
260 |a Ciudad de México  |b Limusa  |c 1977 
650 0 |a Pavimentos  |9 258061 
650 0 |a Hormigones  |9 262546 
650 0 |a Aeropuertos  |9 261061 
650 0 |a Infraestructuras  |9 354587 
650 0 |a Materiales de construcción  |9 260197 
583 |a last modification  |c 19960705 00:00:00  |k Rodrigo Vera 
999 |c 250396  |d 250394 
952 |0 0  |1 0  |4 0  |6 629_136000000000000_POR_1977  |7 0  |8 A  |9 268350  |a BIBING  |b BIBING  |d 2019-11-19  |i 1701363  |o 629.136 POR 1977  |p 1701363  |r 2025-01-20  |w 2019-11-19  |y BK  |k CCL